Amarcord / F. Fellini, T. Guerra ; [přeložila Alena Bahníková ; studii napsali Eva a Zdeněk Zaoralovi, kteří také pořídili dokumentaci, výběr citátů, fotografií a kreseb]
Filmová povídka jako předloha slavného stejnojmenného filmu evokuje atmosféru jednoho italského městečka v třicátých letech, tedy v době, kdy zemi ovládla Mussoliniho fašistická diktatura, a očima dospívajícího chlapce přibližuje jeho historky, směšné i smutné postavy
Record details
- Physical Description: 187 s., [28] s. obr. příl. : il. (některé barev.) ; 16 cm
- Edition: Vyd. 1.
- Publisher: Praha : Odeon, 1978
Content descriptions
| General Note: | Přeloženo z italštiny 18 000 výt. |
| Bibliography, etc. Note: | Obsahuje bibliografii a filmografii |
Search for related items by series
Available copies
- 1 of 1 copy available at Common Catalog SPOK.
Holds
- 0 current holds with 1 total copy.
Show Only Available Copies
| Location | Call Number / Copy Notes | Barcode | Shelving Location | Status | Due Date |
|---|---|---|---|---|---|
| KDS Library | 810 FeF | 204576800273 | Library | Available | - |
| LDR | 01838nam a22003971 4500 | ||
|---|---|---|---|
| 001 | 19996 | ||
| 003 | CZ-PrJAB | ||
| 005 | 20150702110101.0 | ||
| 007 | ta | ||
| 008 | 970518s1978 xr af 000 cze | ||
| 015 | . | ‡acnb000185584 | |
| 020 | . | ‡q(Váz.) : ‡cKčs 21,00 | |
| 035 | . | ‡a(CZ PrNK)bk197803965 | |
| 035 | . | ‡a(OCoLC)29544991 | |
| 040 | . | ‡aABA001 ‡bcze ‡cCBA001 ‡dABA001 | |
| 041 | 1 | . | ‡acze ‡hita |
| 080 | . | ‡a850-321.6:945.0"193" ‡2undef | |
| 100 | 1 | . | ‡aFellini, Federico, ‡d1920-1993 ‡7jn19990002219 ‡4aut |
| 245 | 1 | 0. | ‡aAmarcord / ‡cF. Fellini, T. Guerra ; [přeložila Alena Bahníková ; studii napsali Eva a Zdeněk Zaoralovi, kteří také pořídili dokumentaci, výběr citátů, fotografií a kreseb] |
| 250 | . | ‡aVyd. 1. | |
| 260 | . | ‡aPraha : ‡bOdeon, ‡c1978 ‡e(Vimperk : ‡fStráž) | |
| 300 | . | ‡a187 s., [28] s. obr. příl. : ‡bil. (některé barev.) ; ‡c16 cm | |
| 490 | 1 | . | ‡aOdeon |
| 500 | . | ‡aPřeloženo z italštiny | |
| 500 | . | ‡a18 000 výt. | |
| 504 | . | ‡aObsahuje bibliografii a filmografii | |
| 520 | . | ‡aFilmová povídka jako předloha slavného stejnojmenného filmu evokuje atmosféru jednoho italského městečka v třicátých letech, tedy v době, kdy zemi ovládla Mussoliniho fašistická diktatura, a očima dospívajícího chlapce přibližuje jeho historky, směšné i smutné postavy | |
| 700 | 1 | . | ‡aGuerra, Tonino, ‡d1920-2012 ‡7jn19990002971 ‡4aut |
| 700 | 1 | . | ‡aZaoral, Zdenek, ‡d1945-1996 ‡7jn19981002438 ‡4wam |
| 700 | 1 | . | ‡aZaoralová, Eva, ‡d1932- ‡7jk01040759 ‡4wam |
| 700 | 1 | . | ‡aBahníková, Alena, ‡d1948- ‡7jk01010544 ‡4trl |
| 830 | 0. | ‡aOdeon (Odeon) | |
| 910 | . | ‡aABE463 | |
| 964 | . | ‡aFellini, Federico (1920-1993, režisér filmový ital.) - život a dílo | |
| 964 | . | ‡aItálie - fašismus - stol. 20., léta 30. - povídky | |
| 964 | . | ‡aFellini, Federico (1920-1993, režisér filmový ital.): Amarcord - stati | |
| 998 | . | ‡a000185584 | |
| 901 | . | ‡a19996 ‡b ‡c19996 ‡tbiblio | |